000 00311nam a22001337a 4500
008 170303b xxu||||| |||| 00| 0 eng d
020 _a9780815119272
041 _aeng
080 _27TH
_a616.073
100 _a6
101 _aSHM
245 _aUNDERSTANDING ELECTROCARDIOGRAPHY
_cCONOVER, M.B
942 _2udc
_cBK
999 _c6650
_d6650